000 00755nam a2200217 a 4500
001 000037651
005 20201002031110.0
008 121024s2012 pr a 000 p spa d
020 _a9780984157150
040 _aDO-SdBNP
_bspa
_cBNPHU
082 _aPR861.44
_bR696a, 2012
100 1 _aRodríguez Nietzsche, Vicente
_956084
245 1 0 _aAl compás del amor :
_bselección /
_cVicente Rodríguez Nietzsche.
250 _a2a. ed.
260 _aSan Juan, Puerto Rico :
_bLos libros de la Iguana,
_c2012.
300 _a135 p. :
_bil. ;
_c22 cm.
500 _aIncluye datos biográficos del autor en la contraportada
650 4 _aPoesía puertorriqüeña
_91015
650 4 _aLiteratura puertorriqüeña
_9250
910 _aValidado. Control de calidad MFF
999 _c37141
_d37141